| 000 | 00844 a2200205 4500 | ||
|---|---|---|---|
| 005 | 20080829172626.0 | ||
| 008 | 080829t xxu||||| |||| 00| 0 eng d | ||
| 010 | _aENG-87465 | ||
| 020 |
_a9788172085025 _c21.00 |
||
| 035 | _aEN-70998 | ||
| 037 | _bDBAD / PUB | ||
| 082 | _a230.35 | ||
| 245 |
_aFaith and devotion _bin the words of Bhagawan Sri Sathya Sai Baba _ccompiled by Prem Luthra |
||
| 260 |
_aPrasanthi Nilayam _bSri sathya sai Books and Publications Trust _c2007 |
||
| 270 |
_aPrasanthi Nilayam, Anantapur District _bAndhra Pradesh _e515 134 |
||
| 300 |
_av, 166 p. _c21 cm ( pbk.) |
||
| 700 | _aLuthra, Prem | ||
| 942 |
_adpl _cEN _k230.35/FAI _2ddc _h230.35 _mFAI |
||
| 999 |
_c6677 _d6677 |
||